<?xml version="1.0" encoding="UTF-8"?>
<record
    xmlns:xsi="http://www.w3.org/2001/XMLSchema-instance"
    xsi:schemaLocation="http://www.loc.gov/MARC21/slim http://www.loc.gov/standards/marcxml/schema/MARC21slim.xsd"
    xmlns="http://www.loc.gov/MARC21/slim">

  <leader>01131na  a2200349   4500</leader>
  <controlfield tag="001">12785</controlfield>
  <controlfield tag="003">MIRAKIL</controlfield>
  <controlfield tag="005">20181213154756.0</controlfield>
  <controlfield tag="008">160922b        tu            000 0      </controlfield>
  <datafield tag="020" ind1=" " ind2=" ">
    <subfield code="a">9753894883</subfield>
  </datafield>
  <datafield tag="035" ind1=" " ind2=" ">
    <subfield code="a">12785</subfield>
  </datafield>
  <datafield tag="040" ind1=" " ind2=" ">
    <subfield code="a">Milas</subfield>
    <subfield code="b">tur</subfield>
    <subfield code="c">TR-AnCHP</subfield>
  </datafield>
  <datafield tag="041" ind1=" " ind2=" ">
    <subfield code="a">tur</subfield>
    <subfield code="a">ara</subfield>
  </datafield>
  <datafield tag="082" ind1=" " ind2=" ">
    <subfield code="a">297.8</subfield>
    <subfield code="b">D27 2007</subfield>
  </datafield>
  <datafield tag="090" ind1=" " ind2=" ">
    <subfield code="a">297.8 D27t 2007</subfield>
  </datafield>
  <datafield tag="245" ind1=" " ind2=" ">
    <subfield code="a">D&#xE2;st&#xE2;n-&#x131; &#x130;br&#xE2;h&#xEE;m Edhem</subfield>
    <subfield code="b">Dast&#xE2;n-&#x131; F&#xE2;t&#x131;ma</subfield>
    <subfield code="b">D&#xE2;st&#xE2;n-&#x131; H&#xE2;tun</subfield>
    <subfield code="c"> haz&#x131;rlayan: Mehmet Mahfuz S&#xF6;ylemez</subfield>
  </datafield>
  <datafield tag="246" ind1=" " ind2=" ">
    <subfield code="a">Dastan&#x131; &#x130;brahim Ethem</subfield>
    <subfield code="b">Dastan&#x131; Hatun</subfield>
  </datafield>
  <datafield tag="246" ind1=" " ind2=" ">
    <subfield code="a">Dastan&#x131; &#x130;brahim Edhem</subfield>
    <subfield code="b">Dastan&#x131; Fat&#x131;ma</subfield>
  </datafield>
  <datafield tag="260" ind1=" " ind2=" ">
    <subfield code="a">Ankara </subfield>
    <subfield code="b">T&#xFC;rkiye Diyanet Vakf&#x131;</subfield>
    <subfield code="c">2007</subfield>
  </datafield>
  <datafield tag="300" ind1=" " ind2=" ">
    <subfield code="a">17, 96 s. </subfield>
    <subfield code="c">24 sm.</subfield>
  </datafield>
  <datafield tag="490" ind1=" " ind2=" ">
    <subfield code="a">T&#xFC;rkiye Diyanet Vakf&#x131; Yay&#x131;nlar&#x131;</subfield>
    <subfield code="v">371</subfield>
  </datafield>
  <datafield tag="490" ind1=" " ind2=" ">
    <subfield code="a">Anadolu Halk Klasikleri Serisi</subfield>
    <subfield code="v">6</subfield>
  </datafield>
  <datafield tag="490" ind1=" " ind2=" ">
    <subfield code="a">Alevi-Bekta&#x15F;i Klasikleri Dizisi</subfield>
    <subfield code="v">6</subfield>
  </datafield>
  <datafield tag="504" ind1=" " ind2=" ">
    <subfield code="a">S&#xF6;zl&#xFC;k ve dizin var</subfield>
  </datafield>
  <datafield tag="546" ind1=" " ind2=" ">
    <subfield code="a">Metinler T&#xFC;rk&#xE7;e Arap&#xE7;a kar&#x15F;&#x131;l&#x131;kl&#x131;d&#x131;r.</subfield>
  </datafield>
  <datafield tag="650" ind1=" " ind2=" ">
    <subfield code="a">Alevi Destanlar&#x131;</subfield>
  </datafield>
  <datafield tag="650" ind1=" " ind2=" ">
    <subfield code="a">Alevilik</subfield>
    <subfield code="x">Destanlar</subfield>
  </datafield>
  <datafield tag="650" ind1=" " ind2=" ">
    <subfield code="a">Alevilik</subfield>
  </datafield>
  <datafield tag="650" ind1=" " ind2=" ">
    <subfield code="a">Destanlar</subfield>
    <subfield code="z">T&#xFC;rkiye</subfield>
  </datafield>
  <datafield tag="700" ind1=" " ind2=" ">
    <subfield code="a">S&#xF6;ylemez, Mehmet Mahfuz</subfield>
  </datafield>
  <datafield tag="942" ind1=" " ind2=" ">
    <subfield code="2">ddc</subfield>
    <subfield code="c">BKS</subfield>
  </datafield>
  <datafield tag="952" ind1=" " ind2=" ">
    <subfield code="a">0001</subfield>
    <subfield code="b">0001</subfield>
    <subfield code="d">2016-08-02</subfield>
    <subfield code="e">2</subfield>
    <subfield code="l">0</subfield>
    <subfield code="o">297.8 D27t 2007</subfield>
    <subfield code="p">000449</subfield>
    <subfield code="r">2016-08-02 00:00:00</subfield>
    <subfield code="v">0.00</subfield>
    <subfield code="w">2016-08-02</subfield>
    <subfield code="y">BKS</subfield>
  </datafield>
  <datafield tag="999" ind1=" " ind2=" ">
    <subfield code="c">641</subfield>
    <subfield code="d">641</subfield>
  </datafield>
</record>
